The Environmental Impact Assessment (Land Drainage Improvement Works) (Amendment) Regulations 2005 (Record no. 104412)

MARC details
000 -LEADER
fixed length control field 01779cam a2200253 4500
001 - CONTROL NUMBER
control field L130249
008 - FIXED-LENGTH DATA ELEMENTS--GENERAL INFORMATION
fixed length control field 050706n2005 000 0 eng u
020 ## - INTERNATIONAL STANDARD BOOK NUMBER
International Standard Book Number 0110728688
035 ## - SYSTEM CONTROL NUMBER
System control number (Sirsi) u130249
041 ## - LANGUAGE CODE
Language code of text/sound track or separate title eng
245 #4 - TITLE STATEMENT
Title The Environmental Impact Assessment (Land Drainage Improvement Works) (Amendment) Regulations 2005
260 ## - PUBLICATION, DISTRIBUTION, ETC.
Place of publication, distribution, etc. London
Name of publisher, distributor, etc. TSO
Date of publication, distribution, etc. 2005
490 ## - SERIES STATEMENT
Series statement SI
Volume/sequential designation 2005:1399
520 ## - SUMMARY, ETC.
Summary, etc. These Regulations amend the Environmental Impact Assessment (Land Drainage Improvement Works) Regulations 1999, which apply to England and Wales. Regulation 3 makes amendments to the 1999 Regulations in relation to public participation in determining whether improvement works should be carried out, arising from Directive 2003/35/EC, which amends Directive 85/337/EEC on the assessment of the effects of certain public and private projects on the environment. Regulation 4 provides that notices under the 1999 Regulations are to be published not only in two local newspapers but also on any website maintained by the drainage body proposing the works. Regulation 5 makes further miscellaneous amendments to the 1999 Regulations not directly related to public participation in decision-making.
590 ## - LOCAL NOTE (RLIN)
Local note IKA020805
650 ## - SUBJECT ADDED ENTRY--TOPICAL TERM
Topical term or geographic name entry element ENVIRONMENTAL IMPACT ASSESSMENT (LAND DRAINAGE IMPROVEMENT WORKS) (AMENDMENT) REGULATIONS 2005
650 ## - SUBJECT ADDED ENTRY--TOPICAL TERM
Topical term or geographic name entry element DIRECTIVE 2003/35/EC
650 ## - SUBJECT ADDED ENTRY--TOPICAL TERM
Topical term or geographic name entry element DIRECTIVE 85/337/EEC
650 ## - SUBJECT ADDED ENTRY--TOPICAL TERM
Topical term or geographic name entry element DIRECTIVE 97/11/EC
650 ## - SUBJECT ADDED ENTRY--TOPICAL TERM
Topical term or geographic name entry element ENVIRONMENTAL IMPACT ASSESSMENT (LAND DRAINAGE IMPROVEMENT WORKS) REGULATIONS 1999
690 ## - LOCAL SUBJECT ADDED ENTRY--TOPICAL TERM (OCLC, RLIN)
Topical term or geographic name as entry element ENVIRONMENTAL AND LAND CONSULTANCY-PLANNING AND DEVELOPMENT
856 ## - ELECTRONIC LOCATION AND ACCESS
Uniform Resource Identifier <a href="https://www.legislation.gov.uk/uksi/2005/1399/contents/made">https://www.legislation.gov.uk/uksi/2005/1399/contents/made</a>
Public note View the Regulations free of charge at www.legislation.gov.uk...
942 ## - ADDED ENTRY ELEMENTS (KOHA)
Suppress in OPAC 0
Holdings
Withdrawn status Lost status Source of classification or shelving scheme Damaged status Not for loan Home library Current library Shelving location Date acquired Total Checkouts Full call number Barcode Date last seen Copy number Price effective from Koha item type
    Dewey Decimal Classification     Virtual Virtual Online 06/07/2005   ONLINE PUBLICATION 130249-2001 06/08/2019 1 06/08/2019 Book